| 000 | 00000nam 2200000za 4500 |
| 001 | 9.816931 |
| 003 | CaOODSP |
| 005 | 20221107142347 |
| 007 | cr ||||||||||| |
| 008 | 160505s2008 onc |o f|0| 0 fre d |
| 020 | |z0-662-42256-2 |
| 040 | |aCaOODSP|bfre |
| 043 | |an-cn--- |
| 086 | 1 |aSD18-7/2008F-PDF|zSD18-7/2008F |
| 086 | 1 |aSG5-43/2008F-PDF |
| 245 | 00|aSécurité de la vieillesse et Régime de pensions du Canada |h[ressource électronique] : |bguide de référence. |
| 260 | |a[Ottawa] : |bService Canada, |c2008. |
| 300 | |a34 p. |
| 500 | |aPubli. aussi en anglais sous le titre : Old age security and the Canada pension plan : a reference guide. |
| 500 | |a« mars 2008.» |
| 692 | 07|2gccst|aPension |
| 692 | 07|2gccst|aVieillesse |
| 710 | 1 |aCanada. |bService Canada. |
| 775 | 08|tOld age security and the Canada pension plan |w(CaOODSP)9.816930 |
| 856 | 40|qPDF|s2.07 Mo|uhttps://publications.gc.ca/collections/collection_2016/servcan/SD18-7-2008-fra.pdf |
| 986 | |aISPB-100-03-08F |